[Event "11th LCC FIDE Open 2019"]
[Site "London"]
[Date "2019.11.30"]
[Round "3.44"]
[White "Saidmurodov, Shahjahon"]
[Black "Goh, Zi Han"]
[Result "0-1"]
[WhiteElo "1782"]
[BlackElo "2134"]
[Annotator "TA"]
[PlyCount "80"]
[EventDate "2019.11.29"]
[EventType "swiss"]
[EventCountry "ENG"]
[SourceTitle "playchess.com"]
[Source "ChessBase"]
[SourceQuality "1"]

{[%evp 9,80,-25,0,0,16,39,33,50,21,-50,-45,-60,-32,-26,-18,-41,63,-122,-121,-123,-157,-139,-132,-122,-133,-147,-129,-163,-183,-177,-142,-236,-233,-266,-270,-278,-267,-298,-294,-320,-310,-349,-339,-360,-295,-377,-390,-649,-657,-655,-653,-637,-637,-658,-653,-665,-670,-720,-708,-785,-781,-830,-818,-910,-767,-975,-943,-891,-904,-1637,-1556,-1472,-1431]} 1. d4 Nf6 2. Bf4 g6 3. e3 Bg7 4. Bd3 (4. Nf3 O-O 5. Be2 c5 6. c3 b6 7. O-O Bb7 8. Nbd2 d6 9. h3 Na6 10. Bh2 Nc7 11. a4 Ne4 12. Nxe4 Bxe4 13. Nd2 Bc6 14. b4 Qc8 15. b5 Bd5 16. a5 f5 17. Re1 {1-0 (53) Caruana,F (2816)-Aronian,L (2764) Leuven 2018}) 4... O-O 5. h4 d6 6. h5 {A45: Trompowsky Attack} Nxh5 7. Rxh5 gxh5 8. Qxh5 {[%csl Gd3][%cal Rh5h7] White is slightly better.} f5 9. Nf3 (9. Nc3 $11) 9... Qe8 10. Qh2 Nd7 $146 {[%cal Bb8d7,Bd7f6,Bf6g4][%mdl 32]} ({Predecessor:} 10... Nc6 11. Nc3 {½-½ (33) Sobczak,M (2058)-Owczarzak,J (2194) Poznan 1999}) 11. Nc3 $1 {[%cal Rc3d5]} Nf6 12. O-O-O Qh5 (12... Ng4 $15 13. Qh4 Bf6) 13. Nh4 $2 (13. Qxh5 $1 $14 {is the one way to stay ahead.} Nxh5 14. Nd5) 13... Ng4 $1 $17 {[%csl LRf2,LRh2]} 14. Bc4+ {[#]} Kh8 $1 15. Be2 Nxh2 16. Bxh5 Ng4 17. Bxg4 fxg4 18. Rh1 Kg8 19. Nd5 Rf7 {Strongly threatening ...e6.} 20. Bg3 (20. Nxc7 $17 Rb8 21. Nd5) 20... e6 21. Nc3 Bd7 22. f3 gxf3 23. Nxf3 Rf6 24. Rg1 Raf8 25. Kd2 Rg6 26. Bh2 Rg4 27. Ke2 Bc6 28. Nd1 $2 {[#]} (28. a4) 28... Rxg2+ $1 $19 {[%mdl 576] Remove Defender. Black is clearly winning.} 29. Rxg2 {Hoping for Rg3.} Bxf3+ 30. Kf1 Bxd1+ 31. Ke1 Bf3 32. Rg5 Rf5 33. Rg3 Kf7 34. Kd2 Be4 {And now ...Rf2+ would win.} 35. Bg1 h5 36. c4 d5 37. c5 h4 38. Rh3 Bf6 {...Rf1 is the strong threat.} 39. b4 Bg2 40. Rh2 h3 {Accuracy: White = 25%, Black = 76%.} 0-1

[Event "11th LCC FIDE Open 2019"]
[Site "London"]
[Date "2019.11.30"]
[Round "3.45"]
[White "AuYeung, Chi Hung Jonathan"]
[Black "Modi, Shyam Jagdish"]
[Result "1/2-1/2"]
[WhiteElo "1770"]
[BlackElo "2124"]
[Annotator "TA"]
[PlyCount "194"]
[EventDate "2019.11.29"]
[EventType "swiss"]
[EventCountry "ENG"]
[SourceTitle "playchess.com"]
[Source "ChessBase"]
[SourceQuality "1"]

{[%evp 17,194,0,11,-15,10,-43,-39,-89,-87,-130,-84,-153,-132,-113,-112,-146,-127,-215,-212,-172,-129,-122,-126,-125,-54,-66,-62,-93,-88,-102,-90,-99,-113,-109,-114,-143,-101,-174,-159,-188,-157,-156,-220,-197,-201,-252,-252,-252,-257,-279,-279,-279,-114,-117,-126,-126,-129,-251,-80,-80,-129,-131,-136,-240,-245,-379,-309,-316,-316,-415,-414,-391,-377,-414,-414,-428,-245,-251,0,0,0,0,0,0,0,-96,-101,-112,-119,-134,-170,-229,-240,-272,-297,-312,-312,-320,-328,-333,-333,-333,-333,-340,0,0,0,-340,0,-348,0,0,0,-13,0,-6,0,0,0,0,0,0,0,0,0,0,0,0,0,0,0,0,0,0,0,0,0,0,0,0,0,0,0,0,0,0,0,0,0,0,0,0,0,0,0,0,0,0,0,0,0,0,0,0,0,0,0,0,0,0,-7,-14,0,0,0,0,0,0,0]} 1. c4 g6 2. g3 Bg7 3. Bg2 c5 4. Nf3 Nc6 5. Nc3 e5 6. O-O Nge7 7. d3 O-O 8. a3 d6 9. Rb1 a5 10. e4 {A37: Symmetrical English vs ...g6: 4 Bg2 Bg7 5 Nf3} (10. Bd2 h6 11. Ne1 Be6 12. Nc2 d5 13. cxd5 Nxd5 14. Ne3 Nde7 15. Na4 b6 16. b4 cxb4 17. axb4 b5 18. Nc5 Ba2 19. bxa5 Bxb1 20. Qxb1 {0-1 (69) Ipatov,A (2650)-Melkumyan,H (2653) Saint Louis 2019}) 10... f5 11. Nb5 $146 ({White should play} 11. exf5 $11 Bxf5 12. Nh4) ({Predecessor:} 11. Nh4 f4 12. Nd5 g5 13. Nxe7+ Qxe7 14. Nf5 Bxf5 15. exf5 Rxf5 16. Be4 Rf6 17. Qg4 {1-0 (40) Perino,A (1885)-Zenari,M (2019) Arco 2017}) 11... f4 $15 12. gxf4 {Black is slightly better.} Bg4 13. d4 cxd4 14. Qd3 (14. b4 $142) 14... exf4 $17 15. Nbxd4 Ne5 16. Qb3 N7c6 17. c5+ (17. Nxc6 $17 bxc6 18. c5+ Kh8 19. Nxe5 dxe5 20. f3) 17... Kh8 $19 18. Nxc6 bxc6 19. Nxe5 Bxe5 20. f3 Bd4+ (20... Rb8 $17 21. Qc2 Be6 22. cxd6 Qxd6) 21. Kh1 $15 Bc8 $1 22. Bd2 a4 23. Qc4 dxc5 24. Rfd1 Ba6 $36 {[%mdl 2048] White is under strong pressure.} 25. Qc2 Qf6 26. Bc3 Rfd8 27. Bxd4 (27. Bf1 $17 {is a better defense.}) 27... cxd4 $19 28. Rbc1 Bb5 29. Bf1 Bxf1 30. Rxf1 d3 31. Qxc6 Qxc6 ({Weaker is} 31... Qxb2 32. Rfd1 $15) 32. Rxc6 {[%mdl 4096] Endgame KRR-KRR} Rab8 33. Rd1 Rxb2 34. e5 Re2 (34... Rd5 $19 {and Black stays clearly on top.} 35. Re6 Kg7) 35. Rd6 $17 Re8 36. R1xd3 R8xe5 37. R6d4 (37. Rd8+ $17 Kg7 38. R3d7+ Kf6 39. Rxh7) 37... R2e3 $2 (37... Rb5 $19 {...Rb3 is the strong threat.} 38. Rd1 Rh5 $1 {[%mdl 512]}) 38. Kg2 Rxd3 39. Rxd3 {KR-KR} Re2+ 40. Kg1 {[#]} (40. Kh3 $17 {was forced.}) 40... Ra2 $1 $19 41. Kf1 (41. h4 $142) 41... Kg7 42. h4 Kh6 43. Rd4 Rxa3 44. Rxf4 Ra2 45. Rb4 a3 46. Ra4 Ra1+ (46... g5 $142 47. Ra6+ Kh5 48. hxg5 Kxg5) 47. Kg2 a2 $2 (47... Kh5 $19 48. Kg3 a2) 48. Ra5 $1 $11 Kg7 {White must now prevent ...Kf6.} 49. Ra6 Kf7 50. Kh2 Ke7 (50... h6 $11 51. Kg2 Ke7) 51. Kg2 $17 Kd7 {Threatens to win with ...h5.} 52. Kh2 Kc7 53. Kg2 Kb7 54. Ra5 (54. Ra3 {was worth a try.}) 54... Kb6 $19 55. Ra8 Kc5 56. Rc8+ Kd4 57. Rd8+ Ke5 58. Re8+ Kf6 59. Rf8+ Kg7 60. Ra8 Kh6 $2 (60... Kf7 $19 {Hoping for ...Ke6.} 61. Ra6 Ke7 62. Ra7+ Ke6) 61. Ra5 $1 $11 Kg7 $2 {[%mdl 8192]} (61... g5 $11 62. hxg5+ Kh5) 62. Ra6 $19 Kf7 63. Kh2 $1 Rf1 $2 (63... h6 $19 {aiming for ...h5.} 64. Kg2 Ke7) 64. Rxa2 $11 {The position is equal.} Rxf3 65. Ra4 Kf6 66. Kg2 Rd3 67. Ra7 h5 68. Ra6+ Kf5 69. Ra5+ Ke6 70. Rg5 Kf6 71. Ra5 Re3 72. Kh2 Re5 73. Ra6+ Kf5 74. Ra4 Re4 75. Ra5+ Kf6 76. Ra6+ Re6 77. Ra5 Rb6 78. Kg3 Re6 (78... g5 $5) 79. Kh3 Re4 80. Kg3 Re5 81. Ra4 Re3+ 82. Kh2 Kf5 83. Kg2 Re4 84. Ra5+ Kf4 85. Rg5 Re6 86. Ra5 Re2+ 87. Kh3 Re3+ 88. Kh2 Re5 (88... g5 {keeps more tension.} 89. Rxg5 Re2+ 90. Kh3 Re3+ 91. Kg2 Re2+) 89. Ra4+ Re4 (89... Kf5 {with more complications.} 90. Kh3 Re1 91. Ra6 Re3+ 92. Kh2 Re6) 90. Ra6 Re2+ 91. Kh3 Kf5 92. Ra5+ Re5 93. Ra6 Re3+ 94. Kh2 Kg4 {And now ...Rh3+ would win.} 95. Rxg6+ Kxh4 96. Rg8 Re2+ 97. Rg2 Re3 {Accuracy: White = 61%, Black = 49%.} 1/2-1/2

[Event "11th LCC FIDE Open 2019"]
[Site "London"]
[Date "2019.11.30"]
[Round "3.46"]
[White "Bucher, Grant W"]
[Black "Tombolis, Christopher"]
[Result "1/2-1/2"]
[WhiteElo "2121"]
[BlackElo "1824"]
[Annotator "TA"]
[PlyCount "44"]
[EventDate "2019.11.29"]
[EventType "swiss"]
[EventCountry "ENG"]
[SourceTitle "playchess.com"]
[Source "ChessBase"]
[SourceQuality "1"]

{[%evp 13,44,24,47,19,26,11,30,0,31,31,33,25,44,25,55,5,53,62,58,38,43,36,70,41,41,41,37,37,45,38,45,0,0]} 1. e4 c5 2. Nf3 Nc6 3. Bb5 g6 4. Bxc6 dxc6 5. d3 Bg7 6. h3 e5 7. O-O Qe7 8. Be3 {B31: Sicilian: 2...Nc6 3 Bb5 g6} (8. Nbd2 Be6 9. a3 g5 10. Nc4 O-O-O 11. Bxg5 f6 12. Bd2 Nh6 13. b3 Rhg8 14. Kh1 Bf8 15. Bxh6 Bxh6 {½-½ (57) Howell,D (2655)-Lupulescu,C (2609) Novi Sad 2016}) 8... Nf6 9. Qd2 Nd7 10. a3 {[%cal Ba2a3,Ba3a4][%mdl 32] White has an edge.} a5 11. a4 $146 ({Predecessor:} 11. Nc3 a4 12. Nh2 O-O 13. Bh6 f6 14. Bxg7 Qxg7 15. f4 exf4 16. Rxf4 Ne5 17. Raf1 Be6 18. Qf2 Nd7 19. Ng4 Bxg4 20. Rxg4 {1-0 (49) Aroshidze,L (2539)-Trujillo Villega,P (2173) Barcelona 2011}) 11... b6 12. Na3 Rb8 13. Nc4 f6 14. Bh6 O-O 15. Bxg7 Kxg7 16. Nh2 Ba6 17. b3 Rfd8 18. f4 Bxc4 19. bxc4 exf4 20. Rxf4 Ne5 21. Raf1 Rf8 22. Qc3 Qd6 {Accuracy: White = 31%, Black = 45%.} 1/2-1/2

[Event "11th LCC FIDE Open 2019"]
[Site "London"]
[Date "2019.11.30"]
[Round "3.47"]
[White "Bates, Caspar J"]
[Black "Grey, Nicholas D"]
[Result "1-0"]
[WhiteElo "2120"]
[BlackElo "1692"]
[Annotator "TA"]
[PlyCount "59"]
[EventDate "2019.11.29"]
[EventType "swiss"]
[EventCountry "ENG"]
[SourceTitle "playchess.com"]
[Source "ChessBase"]
[SourceQuality "1"]

{[%evp 11,59,83,85,43,60,60,79,75,81,66,92,64,81,60,67,51,90,90,83,65,125,136,161,74,128,123,167,152,218,217,397,392,387,377,410,416,845,839,800,506,524,519,807,815,1197,1192,1183,1164,1063,861]} 1. d4 Nf6 2. c4 c5 3. d5 b5 4. cxb5 a6 5. e3 d6 6. Nc3 g6 7. bxa6 {A57: Benko/Volga Gambit} (7. a4 {looks sharper.} Bg7 8. Nf3 Bd7 9. Rb1 Bf5 10. Bd3) (7. Nf3 Bg7 8. a4 O-O 9. Ra3 Nbd7 10. h3 axb5 11. Bxb5 Ba6 12. Bxa6 Rxa6 13. O-O Qa8 14. e4 Rb8 15. Qc2 Rb4 16. Bd2 Nb6 17. Rfa1 Nfd7 {½-½ (41) Bosiocic,M (2555)-Brunello,S (2592) Sibenik 2012}) 7... Bxa6 8. Bxa6 Rxa6 9. Nge2 {White is better.} Bg7 10. Rb1 $146 ({Predecessor:} 10. O-O O-O 11. Qc2 Nbd7 12. Rd1 Qa8 13. e4 Qb7 14. b3 Rb8 {0-1 (57) Ciasnocha,M (1811)-Swiech,P (2176) Jastrzebia Gora 2019}) 10... Nbd7 11. O-O O-O 12. a3 Qa8 13. b4 cxb4 14. axb4 Rb8 15. b5 Rab6 (15... Ra5 $14) 16. e4 $16 Nc5 {[#]} 17. f3 (17. Be3 $1 $18 {is more deadly.}) 17... Nfd7 (17... Ne8 $142) 18. Be3 Qb7 19. Bd4 Ne5 {[#]} (19... Bf8 $16 20. Qd2 Qc7) 20. f4 $1 $18 {[%cal Rf4e5]} Ned3 $2 (20... Ng4 {might work better.} 21. Bxg7 Kxg7 22. Qd4+ Kg8) 21. Bxg7 Kxg7 22. Rf3 Qa7 {and the idea ...Nxe4 leaves Black hopeful.} 23. Ra1 Ra6 (23... Qc7 $142 24. Nd4 Nb4) 24. bxa6 {[%cal Bb5a6,Ba6a7][%mdl 32] White is clearly winning.} Nb3+ 25. Kf1 Nb2 26. Qe1 {aiming for Nb5!} Nc4 (26... Nxa1 $142 27. Qxa1 f6) 27. Ra2 Ne3+ {[#]} 28. Rxe3 $1 Qxe3 29. a7 Ra8 30. Qd1 {Accuracy: White = 72%, Black = 31%.} 1-0

[Event "11th LCC FIDE Open 2019"]
[Site "London"]
[Date "2019.11.30"]
[Round "3.48"]
[White "Gilmore, Samuel"]
[Black "Seymour, Timothy P"]
[Result "1/2-1/2"]
[WhiteElo "1757"]
[BlackElo "2107"]
[Annotator "TA"]
[PlyCount "30"]
[EventDate "2019.11.29"]
[EventType "swiss"]
[EventCountry "ENG"]
[SourceTitle "playchess.com"]
[Source "ChessBase"]
[SourceQuality "1"]

{[%evp 17,30,-6,14,21,12,18,41,7,21,29,32,37,49,29,43]} 1. d4 Nf6 2. c4 e6 3. Nf3 d5 4. Nc3 Bb4 5. cxd5 exd5 6. Bg5 h6 7. Bxf6 Qxf6 8. e3 O-O 9. Be2 c5 10. O-O {D38: Queen's Gambit Declined: Ragozin Defence (4 Nf3 Bb4)} Bxc3 11. bxc3 c4 (11... Be6 12. Ne5 Nc6 13. Nxc6 bxc6 14. Qa4 Bf5 15. dxc5 Rfb8 16. Qa3 Qg5 17. Rad1 Be4 {½-½ (42) Li,C (2750)-Yu,Y (2736) Doha 2015}) 12. Ne5 Nc6 13. f4 $146 ({Predecessor:} 13. Nxc6 Qxc6 14. Qc2 Rb8 15. Bf3 f5 16. a4 b6 17. Rfb1 Be6 {0-1 (35) Worek,J (2332)-Harika,D (2489) Pardubice 2013}) 13... Qd6 14. e4 Ne7 15. exd5 b5 1/2-1/2

[Event "11th LCC FIDE Open 2019"]
[Site "London"]
[Date "2019.11.30"]
[Round "3.49"]
[White "John, Joshua"]
[Black "Marusenko, Petr"]
[Result "1/2-1/2"]
[WhiteElo "1680"]
[BlackElo "2085"]
[Annotator "NA RC"]
[PlyCount "107"]
[EventDate "2019.11.29"]
[EventType "swiss"]
[EventCountry "ENG"]
[SourceTitle "playchess.com"]
[Source "ChessBase"]
[SourceQuality "1"]
[TimeControl "40/5400+30:1800+30"]

1. d4 {[%emt 0:56:07]} d5 {[%emt 0:08:19]} 2. Nf3 {[%emt 0:00:13]} Nf6 {[%emt 0:00:07]} 3. c4 {[%emt 0:00:14]} c6 {[%emt 0:00:05]} 4. Nc3 {[%emt 0:00:16]} dxc4 {[%emt 0:00:12]} 5. a4 {[%emt 0:00:37]} e6 {[%emt 0:00:09]} 6. Ne5 {[%emt 0:02:38]} c5 {[%emt 0:01:32]} 7. e3 {[%emt 0:07:20]} cxd4 {[%emt 0:00:12]} 8. exd4 {[%emt 0:00:13]} Nc6 {[%emt 0:00:09]} 9. Nxc6 {[%emt 0:08:41]} bxc6 {[%emt 0:00:23]} 10. Bxc4 {[%emt 0:00:21]} Bd6 {[%emt 0:07:04]} 11. Bg5 {[%emt 0:05:29]} Rb8 {[%emt 0:00:16]} 12. Rb1 {[%emt 0:04:54]} Qc7 {[%emt 0:06:46]} 13. h4 {[%emt 0:10:35]} Nd5 {[%emt 0:06:36]} 14. O-O {[%emt 0:04:25]} Rb4 {[%emt 0:05:18]} 15. Qe2 {[%emt 0:14:31]} O-O {[%emt 0:09:15]} 16. Rfc1 {[%emt 0:04:42]} Nf4 {[%emt 0:04:05]} 17. Bxf4 {[%emt 0:03:37]} Bxf4 {[%emt 0:00:06]} 18. Rc2 {[%emt 0:01:28]} Rd8 {[%emt 0:04:30]} 19. Rd1 {[%emt 0:02:32]} Bd6 {[%emt 0:09:12]} 20. Ne4 {[%emt 0:07:58]} Qe7 {[%emt 0:01:26]} 21. Nxd6 {[%emt 0:00:53]} Qxd6 {[%emt 0:00:34]} 22. b3 {[%emt 0:00:16]} Qf4 {[%emt 0:03:59]} 23. Qd2 {[%emt 0:02:24]} Qxd2 {[%emt 0:01:20]} 24. Rdxd2 {[%emt 0:00:17]} Kf8 {[%emt 0:00:35]} 25. Kf1 {[%emt 0:00:21]} Ke7 {[%emt 0:00:26]} 26. Ke2 {[%emt 0:00:20]} a5 {[%emt 0:03:21]} 27. Ke3 {[%emt 0:00:13]} Kd6 {[%emt 0:00:36]} 28. Rc3 {[%emt 0:00:31]} Kc7 {[%emt 0:01:43]} 29. Be2 {[%emt 0:01:11]} Kb6 {[%emt 0:01:08]} 30. Bf3 {[%emt 0:00:46]} Bb7 {[%emt 0:00:02]} 31. Bd1 {[%emt 0:02:18]} Rd6 {[%emt 0:01:26]} 32. Rc4 {[%emt 0:00:40]} Rxc4 {[%emt 0:03:04]} 33. bxc4 {[%emt 0:00:01]} c5 {[%emt 0:00:12]} 34. Rb2+ {[%emt 0:01:44]} Kc7 {[%emt 0:00:59]} 35. Rb5 {[%emt 0:07:43]} cxd4+ {[%emt 0:00:36]} 36. Kd3 {[%emt 0:00:16]} Bxg2 {[%emt 0:00:44]} 37. Rxa5 {[%emt 0:00:09]} Bf1+ {[%emt 0:00:22]} 38. Be2 {[%emt 0:00:16]} Bxe2+ {[%emt 0:00:08]} 39. Kxe2 {[%emt 0:00:03]} d3+ {[%emt 0:13:28]} 40. Kd2 {[%emt 0:00:22]} Rd4 {[%emt 0:00:10]} 41. Ra7+ {[%emt 0:02:55]} Kd6 {[%emt 0:00:03]} 42. Rxf7 {[%emt 0:00:42]} Rxc4 {[%emt 0:00:06]} 43. Rxg7 {[%emt 0:01:51]} Rxh4 {[%emt 0:00:13]} 44. Kxd3 {[%emt 0:01:34]} h5 {[%emt 0:00:13]} 45. a5 {[%emt 0:02:01]} Ra4 {[%emt 0:00:13]} 46. Rg5 {[%emt 0:00:08]} h4 {[%emt 0:00:05]} 47. Rh5 {[%emt 0:00:31]} h3 {[%emt 0:01:40]} 48. f3 {[%emt 0:00:26]} e5 {[%emt 0:00:19]} 49. Rxh3 {[%emt 0:00:27]} Kd5 {[%emt 0:00:16]} 50. a6 {[%emt 0:01:22]} Rxa6 {[%emt 0:00:08]} 51. Rh4 {[%emt 0:00:15]} Ra1 {[%emt 0:00:38]} 52. Ke3 {[%emt 0:00:53]} Re1+ {[%emt 0:00:22]} 53. Kf2 {[%emt 0:00:32]} Rd1 {[%emt 0:00:05]} 54. Ke3 {[%emt 0:00:35] Ke4+ Kxe4} 1/2-1/2

[Event "11th LCC FIDE Open 2019"]
[Site "London"]
[Date "2019.11.30"]
[Round "3.50"]
[White "Tanmay Chopra"]
[Black "Varsha Ramesh"]
[Result "1-0"]
[WhiteElo "2082"]
[BlackElo "1669"]
[Annotator "NA RC"]
[PlyCount "99"]
[EventDate "2019.11.29"]
[EventType "swiss"]
[EventCountry "ENG"]
[SourceTitle "playchess.com"]
[Source "ChessBase"]
[SourceQuality "1"]
[TimeControl "40/5400+30:1800+30"]

1. Nf3 {[%emt 0:00:23]} Nf6 {[%emt 0:03:28]} 2. c4 {[%emt 0:00:00]} c5 {[%emt 0:00:20]} 3. Nc3 {[%emt 0:00:00]} Nc6 {[%emt 0:00:20]} 4. e3 {[%emt 0:02:11]} e6 {[%emt 0:00:45]} 5. d4 {[%emt 0:00:13]} d5 {[%emt 0:01:40]} 6. a3 {[%emt 0:00:01]} Be7 {[%emt 0:00:43]} 7. dxc5 {[%emt 0:01:15]} Bxc5 {[%emt 0:00:37]} 8. b4 {[%emt 0:00:41]} Be7 {[%emt 0:00:30]} 9. Be2 {[%emt 0:02:51]} O-O {[%emt 0:00:31]} 10. cxd5 {[%emt 0:03:53]} exd5 {[%emt 0:00:20]} 11. O-O {[%emt 0:00:03]} Be6 {[%emt 0:02:58]} 12. Bb2 {[%emt 0:00:39]} h6 {[%emt 0:00:38]} 13. Nd4 {[%emt 0:03:30]} Nxd4 {[%emt 0:00:28]} 14. Qxd4 {[%emt 0:00:02]} b6 {[%emt 0:03:15]} 15. Rfd1 {[%emt 0:03:29]} Qc7 {[%emt 0:03:53]} 16. Ba6 {[%emt 0:06:04]} Ng4 {[%emt 0:08:57]} 17. Qxg7+ {[%emt 0:06:28]} Kxg7 {[%emt 0:00:08]} 18. Nxd5+ {[%emt 0:00:03]} Qe5 {[%emt 0:01:45]} 19. Bxe5+ {[%emt 0:00:03]} Nxe5 {[%emt 0:00:08]} 20. Nxe7 {[%emt 0:00:03]} Kh7 {[%emt 0:01:01]} 21. Nd5 {[%emt 0:01:58]} Bf5 {[%emt 0:01:22]} 22. f3 {[%emt 0:00:32]} Kh8 {[%emt 0:00:16]} 23. e4 {[%emt 0:00:10]} Bd7 {[%emt 0:00:29]} 24. f4 {[%emt 0:01:26]} Ng6 {[%emt 0:00:16]} 25. g3 {[%emt 0:00:34]} Bg4 {[%emt 0:00:21]} 26. Re1 {[%emt 0:03:33]} Rad8 {[%emt 0:00:10]} 27. Nf6 {[%emt 0:00:19]} Bh3 {[%emt 0:00:36]} 28. Red1 {[%emt 0:00:36]} Kg7 {[%emt 0:00:14]} 29. e5 {[%emt 0:00:20]} Be6 {[%emt 0:00:38]} 30. Kf2 {[%emt 0:00:22]} Ne7 {[%emt 0:00:13]} 31. Rac1 {[%emt 0:02:25]} Nf5 {[%emt 0:00:11]} 32. Bd3 {[%emt 0:01:41]} Bb3 {[%emt 0:00:36]} 33. Rd2 {[%emt 0:00:25]} Nd4 {[%emt 0:00:10]} 34. Bc4 {[%emt 0:01:36]} Bxc4 {[%emt 0:00:44]} 35. Rxc4 {[%emt 0:00:02]} Ne6 {[%emt 0:00:28]} 36. Rxd8 {[%emt 0:01:12]} Rxd8 {[%emt 0:00:03]} 37. f5 {[%emt 0:00:17]} Ng5 {[%emt 0:00:11]} 38. h4 {[%emt 0:00:18]} Nh7 {[%emt 0:00:11]} 39. Nxh7 {[%emt 0:01:25]} Kxh7 {[%emt 0:00:03]} 40. Rc7 {[%emt 0:00:09]} Kg8 {[%emt 0:00:07]} 41. Ke3 {[%emt 0:30:13]} a5 {[%emt 0:30:10]} 42. bxa5 {[%emt 0:01:17]} bxa5 {[%emt 0:00:02]} 43. Rc5 {[%emt 0:00:01]} Ra8 {[%emt 0:00:17]} 44. a4 {[%emt 0:00:07]} Kf8 {[%emt 0:00:12]} 45. Ke4 {[%emt 0:00:10]} Ke7 {[%emt 0:00:09]} 46. Rc7+ {[%emt 0:00:03]} Kf8 {[%emt 0:00:09]} 47. f6 {[%emt 0:00:18]} Rb8 {[%emt 0:00:10]} 48. Kf5 {[%emt 0:00:21]} Ra8 {[%emt 0:00:08]} 49. g4 {[%emt 0:00:11]} Rb8 {[%emt 0:00:05]} 50. g5 {[%emt 0:01:37]} 1-0

[Event "11th LCC FIDE Open 2019"]
[Site "London"]
[Date "2019.11.30"]
[Round "3.51"]
[White "Coote, Trevor D"]
[Black "Nergard, Ole-Kristian"]
[Result "1-0"]
[WhiteElo "2075"]
[BlackElo "1639"]
[Annotator "NA RC"]
[PlyCount "74"]
[EventDate "2019.11.29"]
[EventType "swiss"]
[EventCountry "ENG"]
[SourceTitle "playchess.com"]
[Source "ChessBase"]
[SourceQuality "1"]
[TimeControl "40/5400+30:1800+30"]

1. d4 {[%emt 0:02:28]} Nf6 {[%emt 0:04:16]} 2. Nc3 {[%emt 0:00:27]} c5 {[%emt 0:02:57]} 3. d5 {[%emt 0:00:02]} e6 {[%emt 0:05:38]} 4. e4 {[%emt 0:00:03]} exd5 {[%emt 0:00:47]} 5. exd5 {[%emt 0:00:01]} d6 {[%emt 0:00:52]} 6. Nf3 {[%emt 0:01:43]} Bg4 {[%emt 0:00:56]} 7. h3 {[%emt 0:11:58]} Bxf3 {[%emt 0:00:32]} 8. Qxf3 {[%emt 0:00:36]} Nbd7 {[%emt 0:01:02]} 9. Be2 {[%emt 0:01:56]} Be7 {[%emt 0:01:10]} 10. O-O {[%emt 0:00:26]} O-O {[%emt 0:00:23]} 11. Qg3 {[%emt 0:03:09]} Re8 {[%emt 0:01:04]} 12. a4 {[%emt 0:00:38]} a6 {[%emt 0:01:00]} 13. f4 {[%emt 0:07:12]} Qc7 {[%emt 0:02:35]} 14. Qf3 {[%emt 0:04:05]} h6 {[%emt 0:12:30]} 15. g4 {[%emt 0:04:06]} Nh7 {[%emt 0:01:44]} 16. Ne4 {[%emt 0:11:28]} f5 {[%emt 0:08:44]} 17. Ng3 {[%emt 0:01:55]} fxg4 {[%emt 0:01:55]} 18. hxg4 {[%emt 0:02:39]} c4 {[%emt 0:10:23]} 19. Nf5 {[%emt 0:06:21]} Bf6 {[%emt 0:03:15]} 20. c3 {[%emt 0:01:12]} b5 {[%emt 0:03:52]} 21. axb5 {[%emt 0:11:02]} axb5 {[%emt 0:00:27]} 22. Be3 {[%emt 0:00:09]} Nc5 {[%emt 0:08:27]} 23. Rxa8 {[%emt 0:10:42]} Rxa8 {[%emt 0:00:03]} 24. Qg2 {[%emt 0:00:59]} Qd8 {[%emt 0:07:10]} 25. Bxc5 {[%emt 0:09:58]} dxc5 {[%emt 0:00:04]} 26. d6 {[%emt 0:00:42]} Kh8 {[%emt 0:04:51]} 27. Qd5 {[%emt 0:00:42]} Rc8 {[%emt 0:00:54]} 28. Ra1 {[%emt 0:02:14]} Nf8 {[%emt 0:03:53]} 29. Ra7 {[%emt 0:02:14]} Qe8 {[%emt 0:09:31]} 30. d7 {[%emt 0:01:58]} Nxd7 {[%emt 0:01:19]} 31. Qxd7 {[%emt 0:00:19]} Rd8 {[%emt 0:00:40]} 32. Qxe8+ {[%emt 0:00:08]} Rxe8 {[%emt 0:00:02]} 33. Kf2 {[%emt 0:00:07]} Rd8 {[%emt 0:02:18]} 34. Ke3 {[%emt 0:01:22]} Re8+ {[%emt 0:00:05]} 35. Kf3 {[%emt 0:01:03]} Rd8 {[%emt 0:00:47]} 36. Rb7 {[%emt 0:00:33]} b4 {[%emt 0:00:46]} 37. cxb4 {[%emt 0:00:22]} Rd2 {[%emt 0:03:33]} 1-0